[Event "Niedersachsen-ch Seniors op 14th"]
[Site "Bad Bevensen"]
[Date "2011.07.13"]
[Round "9"]
[White "Lenk, Konrad"]
[Black "Bachmann, Rolf"]
[Result "0-1"]
[WhiteElo "1742"]
[BlackElo "1890"]
[PlyCount "84"]
[EventDate "2011.07.05"]
[EventType "swiss"]
[EventRounds "9"]
[EventCountry "GER"]
[SourceTitle "EXT 2012"]
[Source "ChessBase"]
[SourceDate "2011.11.24"]
[SourceVersion "1"]
[SourceVersionDate "2011.11.24"]
[SourceQuality "1"]

1. d4 Nf6 2. Bf4 g6 3. e3 Bg7 4. h3 0-0 5. g4 d6 6. Bg2 c5 7. dxc5 Qa5+ 8. c3 Qxc5 9. Ne2 Nc6 10. Nd2 h5 11. gxh5 Nxh5 12. Bh2 a5 13. Ne4 Qb6 14. b3 Bd7 15. 0-0 Ne5 16. Rb1 Bc6 17. Nd4 Bd7 18. Ne2 Rfd8 19. a4 Rac8 20. c4 Nf6 21. Nxf6+ Bxf6 22. Qd2 Nc6 23. Kh1 Nb4 24. e4 Bc6 25. f4 e6 26. Bg1 Qc7 27. Nd4 Kg7 28. Be3 Rh8 29. Nxc6 bxc6 30. Rf3 Rh5 31. Rbf1 d5 32. cxd5 cxd5 33. Rc1 Qb7 34. Rxc8 Qxc8 35. e5 Bd8 36. Bd4 Qb7 37. Kh2 Rh8 38. Rc3 Bb6 39. Kg3 Rb8 40. Bf1 Nc6 41. Bxb6 Qxb6 42. Bb5 Qg1+ 0-1

[Event "Niedersachsen-ch Seniors op 14th"]
[Site "Bad Bevensen"]
[Date "2011.07.12"]
[Round "8"]
[White "Scholtyssek, Werner"]
[Black "Lenk, Konrad"]
[Result "0-1"]
[WhiteElo "1609"]
[BlackElo "1742"]
[PlyCount "64"]
[EventDate "2011.07.05"]
[EventType "swiss"]
[EventRounds "9"]
[EventCountry "GER"]
[SourceTitle "EXT 2012"]
[Source "ChessBase"]
[SourceDate "2011.11.24"]
[SourceVersion "1"]
[SourceVersionDate "2011.11.24"]
[SourceQuality "1"]

1. c4 f5 2. d4 Nf6 3. Nc3 e6 4. a3 Be7 5. Bf4 d6 6. g3 c6 7. Bg2 0-0 8. Qc2 d5 9. cxd5 cxd5 10. Rc1 Bd7 11. Nf3 Nc6 12. Be5 Rc8 13. 0-0 b5 14. Qd3 a6 15. h3 Qb6 16. Rc2 Na5 17. Rfc1 Nc4 18. Nd2 Ne4 19. Nxc4 bxc4 20. Qe3 Bd6 21. Bxd6 Qxd6 22. Nxe4 fxe4 23. f3 Qxg3 24. Rc3 exf3 25. exf3 Rce8 26. Rf1 e5 27. dxe5 Bxh3 28. Rf2 Rxe5 29. Qd2 Rfe8 30. f4 Re1+ 31. Rf1 Rxf1+ 32. Kxf1 Bxg2+ 0-1

[Event "Niedersachsen-ch Seniors op 13th"]
[Site "Bad Bevensen"]
[Date "2010.07.11"]
[Round "6"]
[White "Bauder, Herbert"]
[Black "Lenk, Konrad"]
[Result "1-0"]
[WhiteElo "1865"]
[BlackElo "1753"]
[PlyCount "79"]
[EventDate "2010.07.06"]
[EventType "swiss"]
[EventRounds "9"]
[EventCountry "GER"]
[SourceTitle "EXT 2012"]
[Source "ChessBase"]
[SourceDate "2011.11.24"]
[SourceVersion "1"]
[SourceVersionDate "2011.11.24"]
[SourceQuality "1"]

1. d4 d5 2. c4 c6 3. Nf3 e6 4. Nc3 f5 5. Bg5 Be7 6. Bxe7 Nxe7 7. e3 Nd7 8. Ng5 Nf6 9. f4 h6 10. Nf3 0-0 11. c5 Bd7 12. Ne5 Be8 13. Be2 Ng6 14. Nd3 Ng4 15. Bxg4 Qh4+ 16. Nf2 fxg4 17. Qxg4 Qf6 18. 0-0 Bd7 19. Qd1 Rae8 20. Nd3 Re7 21. Ne2 Ref7 22. Ng3 Bc8 23. Rc1 Kh7 24. Qc2 Kg8 25. Qa4 a6 26. Qa5 h5 27. Qd2 h4 28. Ne2 Qf5 29. Nc3 Bd7 30. Rf3 Bc8 31. Rcf1 Qh5 32. Qd1 Rf6 33. R3f2 Qf5 34. Qe2 R6f7 35. Nd1 Kh7 36. Rf3 Rh8 37. N1f2 Kg8 38. Nh3 Nf8 39. Ne5 Rf6 40. Nf2 1-0

[Event "Niedersachsen-ch Seniors op 13th"]
[Site "Bad Bevensen"]
[Date "2010.07.08"]
[Round "3"]
[White "Kohn, Willibald"]
[Black "Lenk, Konrad"]
[Result "0-1"]
[WhiteElo "1507"]
[BlackElo "1753"]
[PlyCount "64"]
[EventDate "2010.07.06"]
[EventType "swiss"]
[EventRounds "9"]
[EventCountry "GER"]
[SourceTitle "EXT 2012"]
[Source "ChessBase"]
[SourceDate "2011.11.24"]
[SourceVersion "1"]
[SourceVersionDate "2011.11.24"]
[SourceQuality "1"]

1. e4 e6 2. d4 d5 3. exd5 exd5 4. Nf3 Bd6 5. Bd3 Ne7 6. 0-0 0-0 7. Bg5 f6 8. Bh4 Nf5 9. Bg3 Nh6 10. c3 Bxg3 11. fxg3 Bf5 12. Qc2 Bxd3 13. Qxd3 Qd6 14. Nbd2 Nc6 15. Nh4 Ne7 16. Rf2 g5 17. Nhf3 Ng6 18. Re2 Qd7 19. Rae1 Rae8 20. Nf1 Rxe2 21. Qxe2 Rf7 22. Qe8+ Qxe8 23. Rxe8+ Kg7 24. Re2 Ng8 25. h3 h6 26. N1d2 Re7 27. Kf2 Rxe2+ 28. Kxe2 N8e7 29. a3 Nf5 30. g4 Nf4+ 31. Kf1 Ne3+ 32. Kf2 Nd1+ 0-1

[Event "Bad Bevensen Seniors op 12th"]
[Site "Bad Bevensen"]
[Date "2009.07.12"]
[Round "6"]
[White "Lenk, Konrad"]
[Black "Lehmann, Erwin"]
[Result "1/2-1/2"]
[WhiteElo "1762"]
[BlackElo "1800"]
[PlyCount "25"]
[EventDate "2009.07.07"]
[EventType "swiss"]
[EventRounds "9"]
[EventCountry "GER"]
[SourceTitle "EXT 2022"]
[Source "ChessBase"]
[SourceDate "2021.10.06"]
[SourceVersion "1"]
[SourceVersionDate "2021.10.06"]
[SourceQuality "1"]

1. Nf3 d5 2. d4 Nc6 3. h3 Bf5 4. c3 Qd7 5. Bf4 f6 6. e3 0-0-0 7. Bb5 e6 8. Nbd2 h5 9. Qa4 Kb8 10. b4 g5 11. Bh2 Bd6 12. Nb3 Nge7 13. Nc5 1/2-1/2

[Event "Sachsen-ch Seniors op 17th"]
[Site "Dresden"]
[Date "2009.02.09"]
[Round "1"]
[White "Lenk, Konrad"]
[Black "Meier, Wolfgang"]
[Result "1/2-1/2"]
[WhiteElo "1763"]
[BlackElo "2042"]
[PlyCount "95"]
[EventDate "2009.02.09"]
[EventType "swiss"]
[EventRounds "9"]
[EventCountry "GER"]
[SourceTitle "EXT 2022"]
[Source "ChessBase"]
[SourceDate "2021.10.06"]
[SourceVersion "1"]
[SourceVersionDate "2021.10.06"]
[SourceQuality "1"]

1. d4 Nf6 2. g3 d5 3. Bg2 Nc6 4. Nf3 Bf5 5. c3 e6 6. Bg5 h6 7. Bxf6 Qxf6 8. Nbd2 Bd6 9. Nh4 Bg4 10. Nhf3 0-0 11. 0-0 Rfe8 12. Re1 e5 13. dxe5 Nxe5 14. Nxe5 Qxe5 15. Nf3 Qh5 16. Qd2 Rad8 17. Qd3 c6 18. e4 dxe4 19. Rxe4 Rxe4 20. Qxe4 Bf5 21. Qh4 Qxh4 22. Nxh4 Be6 23. Nf3 Bc5 24. b4 Bb6 25. a4 Rd3 26. a5 Bc7 27. Rc1 a6 28. Nd4 Bd7 29. Be4 Rd2 30. Nb3 Rd6 31. Nc5 Bc8 32. Bg2 f5 33. Bf1 f4 34. Kg2 Rf6 35. Bc4+ Kh7 36. Bd3+ g6 37. f3 Kg7 38. Re1 fxg3 39. hxg3 g5 40. Bc4 Bd6 41. Ne4 Rg6 42. Rd1 Be7 43. g4 Kf8 44. Rd2 Ke8 45. Rd3 h5 46. gxh5 Rh6 47. Ng3 Bd6 48. Re3+ 1/2-1/2

[Event "Niedersachsen-ch Seniors op 11th"]
[Site "Bad Bevensen"]
[Date "2008.07.16"]
[Round "9"]
[White "Johannsen, Ingbert"]
[Black "Lenk, Konrad"]
[Result "1/2-1/2"]
[WhiteElo "1907"]
[BlackElo "1763"]
[PlyCount "98"]
[EventDate "2008.07.08"]
[EventType "swiss"]
[EventRounds "9"]
[EventCountry "GER"]
[SourceTitle "EXT 2022"]
[Source "ChessBase"]
[SourceDate "2021.10.06"]
[SourceVersion "1"]
[SourceVersionDate "2021.10.06"]
[SourceQuality "1"]

1. e4 d6 2. d4 Nf6 3. Nc3 g6 4. Be3 Bg7 5. Qd2 Nbd7 6. f3 c6 7. 0-0-0 0-0 8. g4 b5 9. h4 a5 10. h5 Nb6 11. Bh6 Qc7 12. Bxg7 Kxg7 13. hxg6 fxg6 14. Qh6+ Kg8 15. Nh3 Rf7 16. Ng5 Rg7 17. Bd3 e5 18. dxe5 dxe5 19. Rd2 Qe7 20. Rdh2 Ra7 21. Qh4 Be6 22. Kb1 b4 23. Nd1 c5 24. Nxe6 Qxe6 25. Ne3 c4 26. Nxc4 g5 27. Nxb6 Qxb6 28. Bc4+ Kf8 29. Qf2 Qxf2 30. Rxf2 Rgd7 31. Kc1 Rd6 32. Rd2 Rad7 33. Rhd1 Ke7 34. Rxd6 Rxd6 35. Bd3 h5 36. gxh5 Nxh5 37. Rh1 Nf4 38. Kd2 a4 39. Rh7+ Kf6 40. Rh6+ Ke7 41. Rxd6 Kxd6 42. Bb5 a3 43. bxa3 bxa3 44. Kc3 Kc5 45. Bd3 Ne6 46. Kd2 Nd4 47. Be2 Nc6 48. c3 Kb6 49. Kc2 Na5 1/2-1/2